00306pab a2200121 454500008004000000100002000040245003900060260000900099300001500108362001000123650001700133773003400150180718b1998 xxu||||| |||| 00| 0 eng d aBardhan, Pranab aReflections on Amartya Sen's prize c1998 ap.2863-864 a7 Nov aSen, Amartya aEconomic and Political Weekly